Normal view
MARC view
- Firme, Tom
Entry Personal Name
001 - CONTROL NUMBER
- control field: 131530
003 - CONTROL NUMBER IDENTIFIER
- control field: OSt
005 - DATE AND TIME OF LATEST TRANSACTION
- control field: 20260406101732.0
008 - FIXED-LENGTH DATA ELEMENTS
- fixed length control field: 260406|| aca||aabn | a|a d
040 ## - CATALOGING SOURCE
- Original cataloging agency: OSt
- Transcribing agency: OSt
100 ## - HEADING--PERSONAL NAME
- Personal name: Firme, Tom
670 ## - SOURCE DATA FOUND
- Source citation: Work cat.: (OSt)94043: Firme, Tom, Arab-Israeli conflict /, c2018.









